| 000 -LEADER | |
|---|---|
| fixed length control field | 00400nam a22001457a 4500 |
| 005 - DATE AND TIME OF LATEST TRANSACTION | |
| control field | 20210904131449.0 |
| 008 - FIXED-LENGTH DATA ELEMENTS--GENERAL INFORMATION | |
| fixed length control field | 200710b xxu||||| |||| 00| 0 eng d |
| 082 ## - DEWEY DECIMAL CLASSIFICATION NUMBER | |
| Classification number | 345.4005 BHA-I |
| 100 ## - MAIN ENTRY--AUTHOR NAME | |
| Personal name | BHATT, VIJAY |
| 245 ## - TITLE STATEMENT | |
| Title | INDIAN BAR REVIEW [Vol.44] (4)2017 ,OCTOBER TODECEMBER) |
| 260 ## - PUBLICATION, DISTRIBUTION, ETC. (IMPRINT) | |
| Place of publication | NEW DELHI |
| Name of publisher | BAR OCUNCIL OF INDIATRUST |
| Year of publication | 2017 |
| 300 ## - PHYSICAL DESCRIPTION | |
| Number of Pages | 208p. |
| 650 ## - SUBJECT ADDED ENTRY--TOPICAL TERM | |
| Topical Term | LAW |
| 942 ## - ADDED ENTRY ELEMENTS (KOHA) | |
| Koha item type | Journals/Serial |
| Lost status | Damaged status | Collection code | Home library | Current library | Shelving location | Date acquired | Source of acquisition | Cost, normal purchase price | Full call number | Accession Number | Koha item type |
|---|---|---|---|---|---|---|---|---|---|---|---|
| LAW | JRU Library | JRU Library | SHELF-33-C | 22/07/2020 | PURCHASE | 16000.00 | 345.4005 BHA-I | 25100 | Journals/Serial | ||
| LAW | JRU Library | JRU Library | SHELF-33-C | 22/07/2020 | PURCHASE | 16000.00 | 345.4005 BHA-I | 25101 | Journals/Serial | ||
| LAW | JRU Library | JRU Library | SHELF-33-C | 22/07/2020 | PURCHASE | 16000.00 | 345.4005 BHA-I | 25102 | Journals/Serial | ||
| LAW | JRU Library | JRU Library | SHELF-33-C | 22/07/2020 | PURCHASE | 16000.00 | 345.4005 BHA-I | 25103 | Journals/Serial | ||
| LAW | JRU Library | JRU Library | SHELF-33-C | 22/07/2020 | PURCHASE | 16000.00 | 345.4005 BHA-I | 25104 | Journals/Serial | ||
| LAW | JRU Library | JRU Library | SHELF-33-C | 22/07/2020 | PURCHASE | 16000.00 | 345.4005 BHA-I | 25105 | Journals/Serial | ||
| LAW | JRU Library | JRU Library | SHELF-33-C | 22/07/2020 | PURCHASE | 16000.00 | 345.4005 BHA-I | 25106 | Journals/Serial | ||
| LAW | JRU Library | JRU Library | SHELF-33-C | 22/07/2020 | PURCHASE | 16000.00 | 345.4005 BHA-I | 25107 | Journals/Serial | ||
| LAW | JRU Library | JRU Library | SHELF-33-C | 22/07/2020 | PURCHASE | 16000.00 | 345.4005 BHA-I | 25108 | Journals/Serial | ||
| LAW | JRU Library | JRU Library | SHELF-33-C | 22/07/2020 | PURCHASE | 16000.00 | 345.4005 BHA-I | 25109 | Journals/Serial |